Оценка стоимости бизнеса: учебник для бакалавров

Détails bibliographiques
Auteur principal: Касьяненко Т. Г. Татьяна Геннадьевна
Collectivité auteur: Санкт-Петербургский государственный экономический университет (СПбГЭУ)
Autres auteurs: Маховикова Г. А. Галина Афонасьевна
Résumé:Рассмотрена одна из актуальных проблем рыночной экономики — оценка бизнеса, который тщательно изучен и как объект собственности, и как объект оценки. Раскрыта многоплановость и многозначность понятия «оценка». Изложены концептуальные основы и методология оценки бизнеса, уделено значительное внимание понятию «оценочная стоимость» и ее видам, используемым в оценке бизнеса, факторам, создающим стоимость и воздействующим на ее величину, раскрыты условия применимости известных подходов и методов оценки. Проанализирована нормативная база оценки — Закон об оценочной деятельности и федеральные стандарты оценки, действующие на сегодняшний день; подробно рассмотрены требования, предъявляемые к информационному обеспечению оценки. Изложение иллюстрировано примерами из практики оценки. Для студентов экономических специальностей, занимающихся изучением проблем оценки собственности, аспирантов, преподавателей и научных работников, а также практикующих оценщиков бизнеса.
Langue:russe
Publié: Москва, Юрайт, 2014
Collection:Бакалавр. Углубленный курс
Sujets:
Format: MixedMaterials Livre
KOHA link:https://koha.lib.tpu.ru/cgi-bin/koha/opac-detail.pl?biblionumber=263541

MARC

LEADER 00000nam0a2200000 4500
001 263541
005 20231101233741.0
010 |a 9785991623650 
035 |a (RuTPU)RU\TPU\book\286526 
090 |a 263541 
100 |a 20140609d2014 m y0rusy50 ca 
101 0 |a rus 
102 |a RU 
105 |a a j 001zy 
200 1 |a Оценка стоимости бизнеса  |e учебник для бакалавров  |f Т. Г. Касьяненко, Г. А. Маховикова  |g Санкт-Петербургский государственный экономический университет (СПбГЭУ) 
210 |a Москва  |c Юрайт  |d 2014 
215 |a 412 с.  |c ил.  |e CD 
225 1 |a Бакалавр. Углубленный курс 
320 |a Библиогр.: с. 411. 
330 |a Рассмотрена одна из актуальных проблем рыночной экономики — оценка бизнеса, который тщательно изучен и как объект собственности, и как объект оценки. Раскрыта многоплановость и многозначность понятия «оценка». Изложены концептуальные основы и методология оценки бизнеса, уделено значительное внимание понятию «оценочная стоимость» и ее видам, используемым в оценке бизнеса, факторам, создающим стоимость и воздействующим на ее величину, раскрыты условия применимости известных подходов и методов оценки. Проанализирована нормативная база оценки — Закон об оценочной деятельности и федеральные стандарты оценки, действующие на сегодняшний день; подробно рассмотрены требования, предъявляемые к информационному обеспечению оценки. Изложение иллюстрировано примерами из практики оценки. Для студентов экономических специальностей, занимающихся изучением проблем оценки собственности, аспирантов, преподавателей и научных работников, а также практикующих оценщиков бизнеса. 
606 1 |a Оценка бизнеса  |2 stltpush  |3 (RuTPU)RU\TPU\subj\27868  |9 51546 
606 1 |a Бизнес  |x Теория  |2 stltpush  |3 (RuTPU)RU\TPU\subj\28637  |9 52152 
610 1 |a экономика 
610 1 |a оценочная деятельность 
610 1 |a нормативное регулирование 
610 1 |a имущественное право 
610 1 |a неимущественные права 
610 1 |a собственность 
610 1 |a управление 
610 1 |a оценочная функция 
610 1 |a стоимость 
610 1 |a затраты 
610 1 |a бухгалтерская документация 
610 1 |a финансовое состояние 
610 1 |a оценочные методы 
610 1 |a информационное обеспечение 
610 1 |a корректировки 
610 1 |a рыночная стоимость 
610 1 |a учебные пособия 
675 |a 657.9(075.8)  |v 3 
686 |a У012.12я73  |v LBC/SL-A  |2 rubbk 
700 1 |a Касьяненко  |b Т. Г.  |g Татьяна Геннадьевна 
701 1 |a Маховикова  |b Г. А.  |g Галина Афонасьевна 
712 0 2 |a Санкт-Петербургский государственный экономический университет (СПбГЭУ)  |2 stltpush  |3 (RuTPU)RU\TPU\col\18811 
801 1 |a RU  |b 63413507  |c 20140609 
801 2 |a RU  |b 63413507  |c 20150930  |g RCR 
942 |c BK 
959 |a 102/20140609  |d 2  |e 409,00  |f ЧЗГЛ:1  |f АНЛ:1